[Event "Mermaid Beach Club"]
[Site "Bermuda"]
[Date "1997.??.??"]
[Round "10"]
[White "Hjartarson, Johann"]
[Black "Bezold, Michael"]
[Result "1/2-1/2"]
[WhiteElo "2585"]
[BlackElo "2500"]
[Annotator "Ribli,Z"]
[PlyCount "50"]
[EventDate "1997.01.??"]
[EventType "tourn"]
[EventRounds "11"]
[EventCountry "BER"]
[EventCategory "11"]
[SourceTitle "CBM 058"]
[Source "ChessBase"]
[SourceDate "1997.06.01"]
[SourceVersion "1"]
[SourceVersionDate "1997.06.01"]
[SourceQuality "1"]

1. e4 c5 2. Nf3 e6 3. d4 cxd4 4. Nxd4 a6 5. Bd3 Bc5 6. Nb3 Ba7 7. Nc3 (7. O-O
Nc6 8. Qg4 $5 $13) 7... Nc6 8. Qe2 (8. Qg4 {Wenn Weiß die Variante mit dem
scharfen Qg4 spielen will, ist es besser statt 7.Nc3 zuerst 7.0-0 zu spielen.
Ribli.} Nf6 9. Qg3 (9. Qxg7 $2 Rg8 10. Qh6 Bxf2+ (10... Rxg2))) 8... d6 9. Be3
{Es ist logisch den starken und bis jetzt dreimal bewegten Ba7 zu tauschen.
Ribli.} Nf6 10. O-O {Eine genügsame Fortsetzung. Kritisch ist nach meiner
Meinung in dieser Variante immer die lange weiße Rochade.Ribli.} b5 $5 {
Schwarz tauscht nicht selbst, sondern will auf a7 tauschen lassen, weil der
Turm von a7 mehr Möglichkeiten hat.Ribli.} 11. Bxa7 (11. a3 O-O 12. Rad1 e5 13.
Bxa7 Rxa7 14. Qe3 Be6 $11 {Unzicker,W-Bezold,M/Bad Homburg/1996/}) 11... Rxa7
12. f4 b4 13. Nd1 e5 $1 $11 {[%csl Ye5] Schwarz ist zwar noch nicht gut
entwickelt, aber er ist stark auf den schwarzen Feldern und der Bd3 ist nun
die schlechteste Figur auf dem Brett.Ribli.} 14. Ne3 Qb6 15. Kh1 exf4 $1 {
Auf diese Weise wird die Stellung etwas geöffnet. Schwarz tauscht nicht auf f4,
weil er Angst vor f4-f5 hat; das wäre nur gefährlich für Schwarz , wenn er
rochieren würde; Schwarz köönte aber besser mit dem König in der Mitte bleiben.
Ribli.} 16. Rxf4 Be6 17. Raf1 (17. Nd5 Bxd5 18. exd5+ Ne5 {[%csl Ge5] Und
Schwarz hat ein ewige starkes Feld auf e5 für seinen Springer.Ribli.}) 17...
Ne5 $1 (17... O-O 18. Rxf6 $40) 18. Nf5 Bxf5 19. exf5 (19. Rxf5 O-O (19... Nfd7
$15 {Und der feste Springer auf e5 hält die ganze Stellung.Ribli.}) 20. Rxf6
$36) 19... O-O 20. Qd2 Rb8 (20... a5 21. Nd4 {Weiss kann zwar eventuell 21.Nb5
spielen, aber ich bin der Meinung, daß Schwarz gleiches Spiel hat.Ribli.}) 21.
Be2 Rc7 22. Rd4 d5 23. Qf4 a5 $1 {Nun hängt der Springer e5 wegen der
Gegendrohungen nicht.Ribli.} (23... Rxc2 $2 24. Bd1 {[%cal Rd1c2,Rf4e5]}) 24.
Rd2 (24. Qxe5 Re8 25. Qf4 Rxe2 $15 {[%csl Rc2]}) 24... Re8 (24... Nc4 25. Bxc4
dxc4 26. Rd6 Qa7 (26... Rc6 $4 27. Rxc6 Qxc6 28. Qxb8+ $18)) 25. Qd4 Qxd4 {
Hier wurde remis gegeben. Nach 26.Nxd4 Ne4 oder 26...Nc4 steht Schwarz
keineswegs schlechter.Ribli.} 1/2-1/2

[Event "Hoogovens"]
[Site "Wijk aan Zee"]
[Date "1997.01.28"]
[Round "9"]
[White "Timman, Jan H"]
[Black "Sokolov, Ivan"]
[Result "0-1"]
[WhiteElo "2630"]
[BlackElo "2615"]
[Annotator "Ribli,Z"]
[PlyCount "58"]
[EventDate "1997.01.18"]
[EventType "tourn"]
[EventRounds "13"]
[EventCountry "NED"]
[EventCategory "16"]
[SourceTitle "CBM 057"]
[Source "ChessBase"]
[SourceDate "1997.04.01"]
[SourceVersion "1"]
[SourceVersionDate "1997.04.01"]
[SourceQuality "1"]

1. e4 {Soffer,R} c5 2. Nf3 e6 3. d4 cxd4 4. Nxd4 a6 5. Bd3 Bc5 6. Nb3 Ba7 7.
Qe2 d6 8. Be3 {Der Abtausch des starken schwarzen Läufers ist ein üblicher
Plan. Ribli.} Bxe3 (8... Nf6 {Soffer,R} 9. c4 (9. Bxa7 Rxa7 10. c4 Nc6 11. O-O
O-O 12. Nc3 b6 13. Rfd1 Qc7 14. Rd2 Rd8 15. Rad1 Qb8 16. Bb1 Rad7 17. Nd4 Bb7
$11 {Herbrechtsmeier,C-Gerstner,W/Baden Baden op 1993/0-1 (40)}) 9... Bxe3 10.
Qxe3 Nbd7 11. Nc3 O-O 12. O-O b6 13. Rfd1 Qc7 14. Bf1 Bb7 15. Qd4 Rfd8 16. Qxd6
Qxd6 17. Rxd6 Bxe4 18. f3 Bb7 19. Rad1 $16 {Ciolac,G-Svobodova,M/Bratislava op
1993/1-0 (101)}) 9. Qxe3 Nf6 10. Nc3 (10. O-O Qc7 11. f4 Nbd7 12. Qh3 e5 13. f5
b5 14. a4 b4 15. N1d2 Bb7 16. Rae1 O-O $13 {Gazik-Portisch,L/Budapest-Z B/1993/
} (16... O-O 17. g4 h6 18. Qg2 d5 19. g5 hxg5 20. Qxg5 Rfe8 21. Rf3 Kf8 22. Rg3
Ke7 $13 {0-1 Gazik,I-Portisch,L/Budapest zt-B 1993 (48)})) (10. N1d2 $5 {
Soffer,R} Nc6 (10... O-O 11. f4 (11. O-O) 11... e5 12. f5 Nc6 13. O-O Nb4 (
13... d5) 14. a3 Nxd3 15. cxd3 a5 16. h3 a4 17. Nc1 d5 $11 {1-0 Stoinev,
M-Voloshin,L/Warsaw op 1990 (36)}) 11. O-O O-O 12. Rad1 Qc7 13. Nc4 d5 14. exd5
exd5 15. Nb6 Rb8 16. Qc5 Qe5 17. Rfe1 Qg5 18. Nxd5 $1 Nxd5 19. Bxh7+ $18 {
1-0 Teschner,R-Laske,M/OLNO 1993 (21)}) (10. c4 {Soffer,R}) 10... b5 11. O-O-O
{Das ist alles andere als überraschend in der Sizilianischen Verteidigung: wir
haben eine völlig asymmetrische Stellung mit beiderseitigen Möglichkeiten.
Weiß steht aktiver in Zentrum, aber seine Kavallerie ist angreifbar. Das
Hauptziel von Schwarz ist, wenn möglich einen Angriff gegen den weißen König
zu führen, er verfügt bereits über die halboffene c-Linie. Ribli.} Nbd7 {
Soffer: in english An interesting, provocative move} 12. Qg3 (12. Kb1) 12... b4
(12... Qc7 13. Bxb5 axb5 14. Nxb5 $13) 13. Nb1 (13. Na4 Qc7 {Und Weiß hat
Probleme mit seinem Springer.Ribli.}) (13. Ne2 {Soffer,R}) 13... Qc7 14. Qxg7 {
White seeks to complicate the position, perhaps because quiet play doesn't
seem to achieve an advantage.} (14. N1d2 $5) (14. N1d2 {Soffer,R} O-O (14...
Ne5 $2 15. Qxg7 Nxd3+ 16. Kb1 Rg8 17. Qxf6 $18) 15. Nc4 Ne5 $1 16. Nxe5 dxe5
17. Qe3 a5 18. Qc5 Qxc5 19. Nxc5 a4 {/\Ra5}) 14... Rg8 15. Qh6 Bb7 16. N1d2 (
16. Rhg1 a5 (16... Nxe4 {Soffer,R} 17. Qxh7 Nef6 (17... Ndf6 18. Qh4 Rg4 19.
Qh6) 18. Qh3 Ne5 $44 {Black has very active piece play, but his king may later
be in trouble}) 17. f3 Ke7 18. Qe3 Ne5 19. g4 Rgc8 $44 {Audience Radio 1-Hort,
V/Radio Game/1997/}) 16... Rxg2 17. Rhg1 Rg6 18. Rxg6 hxg6 {Es ist jetzt klar,
daß der schwarze König in der Mitte bleibt, sich dort aber in Sicherheit
befindet - eine eventuelle lange Rochade wäre wegen der Bauernschwächen am
Damenflügel kaum ratsam. Ribli.} 19. Nc4 {Ich möchte anmerken, daß der
schwarze Bb7 viel stärker ist als sein Kollege auf d3.Ribli.} d5 (19... Bxe4 $2
20. Nxd6+ Qxd6 21. Bxe4 $18) (19... Nxe4 $2 20. Bxe4 Bxe4 21. Nxd6+ $18) 20.
exd5 Bxd5 21. Ne3 Bb7 22. Qh8+ Ke7 23. Qh4 {Mit diesem und dem vorigen Zug
zeigt Weiß, daß er keinen konkreten Plan hat. Er hofft, etwas durch taktische
Verwicklungen zu erreichen. Aber die Zukunft ist günstig für Schwarz, er kann
mit seinem Bauernsturm gefährliche Initiative entwickeln. Ribli.} a5 $15 {
White has managed to keep the Black king in the centre, but it's safe from
attacks and Black has the better pawn structure. At the moment the game looks
balanced} 24. Bb5 (24. Kb1) 24... Ne5 25. Qd4 (25. Nc4 $5 {Soffer,R} Nf3 (25...
Nxc4 $2 26. Rd7+) 26. Qg3 Qxg3 (26... e5 27. Nd6) 27. hxg3 a4 28. Nc5 (28. Nba5
Bd5 29. Nc6+ Bxc6 30. Bxc6 Rc8 31. Bxf3 Rxc4 $11) 28... Bd5 29. Nb6 Ra5 $11)
25... Bf3 {A strong move, driving the White rook away from the "d" file} 26.
Re1 (26. Rd2 $2 {Soffer,R} Ne4) 26... Ne4 {Die Drohung von Schwarz ist klar:
27...Rd8 gewinnt die weiße Dame. Ribli.} {Black has managed to improve his
position, and now White panics} 27. Nxa5 $2 {Eine Schachblindheit. Weiß hat
keine Kompensation für das geopferte/verlorene Material. Ribli.} (27. Nc4 Nxc4
28. Bxc4 Qxh2 (28... Rd8 {Soffer,R This looks best, giving Black some advantage
} 29. Qe3 Qxc4 30. Qxf3 f5 31. Qe2 Qxe2 (31... Qd5 32. f3 Ng5 33. f4 Ne4 34.
Qa6 $132) 32. Rxe2 Rd5 $15) (28... a4 {This may be the move White feared, but
he has a good reply} 29. Bxe6 $1 axb3 (29... Qf4+ $2 30. Nd2 $18) (29... fxe6
30. Qg7+ Kd6 (30... Kd8 $2 31. Qf8+) 31. Qd4+ Ke7 (31... Kc6 32. Rxe4 axb3 33.
Rxe6+ Kb5 34. Re5+ $16) 32. Qg7+ $11) 30. Bxb3 Qf4+ 31. Kb1 $44) 29. Bb5 $44 (
29. Qe3 Qxf2 30. Qxf2 Nxf2 31. Rf1 Rd8 32. Nd2 Rxd2 33. Kxd2 Ne4+ 34. Ke3 Bg2
35. Rg1 Nd6 36. Bxe6 Kxe6 37. Rxg2 Nc4+ 38. Kd4 Nxb2 39. Rg5)) 27... Rxa5 28.
Qxb4+ Nd6 29. a4 Rxb5 {Und Weiß gab auf, denn nach 30.axb5 gewinnt Nd3 die
Dame.Ribli.} 0-1

[Event "EU-chT (Men) 13th"]
[Site "Leon"]
[Date "2001.11.15"]
[Round "9.1"]
[White "Shirov, Alexei"]
[Black "Agrest, Evgenij"]
[Result "1-0"]
[WhiteElo "2706"]
[BlackElo "2563"]
[Annotator "Ribli,Z"]
[PlyCount "87"]
[EventDate "2001.11.06"]
[EventType "team-swiss"]
[EventRounds "9"]
[EventCountry "ESP"]
[SourceTitle "CBM 086"]
[Source "ChessBase"]
[SourceDate "2002.02.05"]
[SourceVersion "1"]
[SourceVersionDate "2002.02.05"]
[SourceQuality "1"]
[WhiteTeam "Spain"]
[BlackTeam "Sweden"]
[WhiteTeamCountry "ESP"]
[BlackTeamCountry "SWE"]

1. e4 c5 2. Nf3 e6 3. d4 cxd4 4. Nxd4 a6 5. Bd3 Bc5 {Das ist die
Lieblingsvariante von Agrest. Schwarz greift den Nd4 an und nach dem üblichen
6.Nb3 hat er die Wahl zwischen 6...Ba7 und 6...Be7.} 6. Nb3 Be7 {Das ist die
moderne Fortsetzung. Schwarz hat 5...Bc5 und 6...Be7 gespielt, aber inzwischen
steht der weiße Springer weniger aktiv auf b3 als zuvor auf d4.} 7. O-O (7. Qg4
g6) 7... d6 8. c4 {Das ist die beste Fortsetzung für Weiß - ise ist auch
logisch, da Weiß 5.Bd3 gespielt hat (statt 5.Nc3). Weiß bekommt nun
Übergewicht im Zentrum.} b6 (8... Nf6 9. Nc3 b6 10. f4 (10. Be3 Bb7 11. Qd2 Nc6
12. Na4 Nd7 13. Be2 O-O 14. Rac1 Rc8 15. f3 Nc5 16. Nc3 Ne5 {1/2-1/2
Hermansson,E-Agrest,E/Stockholm 1998/EXT 99 (54)}) 10... Nbd7 (10... Nc6 11.
Be3 Bb7 12. Qf3 Nd7 13. Rad1 Qc7 14. Qh3 Nc5 15. Nxc5 bxc5 16. f5 Bc8 17. fxe6
fxe6 18. e5 {1-0 Rytshagov,M-Agrest,E/Stockholm 1998/EXT 99 (73)}) 11. Qe2 Bb7
12. Bd2 h5 (12... O-O 13. Rae1 Rc8 14. Rf3 Re8 15. Rh3 Nf8 16. e5 N6d7 17. Qh5
{1/2-1/2 Kutuzovic,B-Gallagher,J/Pula 2000/CBM 77 (41)}) 13. Nd4 Qc7 14. Nf3 (
14. Kh1 g6 15. Rae1 h4 16. Nd5 exd5 17. exd5 Nc5 18. Bc2 h3 {0-1 Moberg,
K-Agrest,E/Sweden 1998/EXT 2000 (46)}) 14... h4 15. b4 h3 16. g3 Ng4 17. Nd4
Ndf6 18. Nb3 O-O 19. Rac1 {1-0 Palac,M-Fercec,N/Zadar 1999/CBM 73 ext (33)}) (
8... Nd7 9. Nc3 b6 10. Qe2 Bb7 11. f4 Qc7 12. Bd2 $5 Ngf6 13. Rae1 g6 14. e5
dxe5 15. fxe5 Nh5 16. Nd5 $1 exd5 17. e6 {1-0 Langheinrich,F-Glek,I/Bad
Zwesten 1999/CBM 68 ext (23)}) 9. Nc3 Bb7 10. f4 Nd7 11. Be3 Ngf6 12. Qf3 {
Die Dame steht nicht gut auf der Diagonale a8 - h1, in der Folge kann er
jedoch Qh3 spielen, mit Angriffschancen.} g6 {In einer früheren Partie wählte
Schwarz in dieser Stellung 12...h5. In dieser Partie versucht er offenbar,
sein Spiel zu verbessern.} (12... h5 13. Rad1 Qc7 14. h3 g6 15. Qf2 Nc5 16.
Nxc5 dxc5 17. e5 Nd7 18. Be4 O-O-O {1/2-1/2 Rytshagov,M-Agrest,E/Istanbul 2000/
EXT 2001 (18)}) 13. Rad1 {[%cal Gd1d8]} Qc7 14. Qh3 $14 {[%csl Gh3] Die weiße
Dame steht sehr aktiv auf h3 - anschließend kann Weiß stark f4 - f5 spielen.}
h5 (14... O-O 15. f5 $40) (14... O-O-O $5 {Dieser Zug wäre sehr riskant 
(besonders gegen Shirov), aber der Textzug birgt auch einige Risisken.}) 15. f5
gxf5 $6 {Schwarz öffnet die Diagonale des Bb7und kann mit 16...e5 eine
Schließung des Zentrums bewirken. Allerdings bekommt Weiß dann freie Hand.} (
15... Ng4 {Nach 14...h5 dieser Zug waere logisch.} 16. fxe6 fxe6 17. Nd4 Nc5
$132 (17... Nxe3 18. Nxe6 $18)) 16. exf5 e5 (16... Rg8 $6 17. fxe6 fxe6 (17...
Bxg2 18. exd7+ Nxd7 19. Qxg2 Rxg2+ 20. Kxg2 $18) 18. Rd2 $36) 17. Be2 $1 {
[%cal Ge2f3,Gf3b7][%mdl 32] Der Bd3 ist nach 16...e5 nicht mehr stark, deshalb
möchte Weiß ihn mittels 18.Bf3 abtauschen.} Rg8 18. Bf3 Bxf3 19. Qxf3 {[%csl
Yd5] Der schwarze König steht relativ sicher in der Mitte, aber das Feld d5
ist nunmehr ein "ewiges" positionelles Loch in der schwarzen Stellung. Zudem
hat Schwarz kaum Hoffnung auf Gegenspiel.} Rb8 (19... Rc8 20. Nd2 $14 {[%cal
Gd2e4]}) 20. Nd2 {Weiß verbessert seinen Springer und beabsichtigt 21.Nde4.} b5
{Diesee symbolische Gegenspiel loest nicht die schwarze Problemen.} 21. cxb5 (
21. Nd5 Nxd5 22. cxd5 $14 (22. Qxd5)) 21... axb5 22. Nde4 {Weiß plant nach
Möglichkeit beide Springer abzutauschen und endlich die Herrschaft über das
Feld d5 zu erobern.} b4 (22... Nxe4 23. Nd5 {Dieser Zug ist interessant aber
möglicherweise nicht ganz korrekt.} (23. Qxe4 $14) (23. Nxe4 $14) 23... Qc2 (
23... Qc4 24. b3 Qc2 25. Nb4 (25. Rc1)) 24. Rc1 Qd3 (24... Qa4 25. b3) 25. Rfd1
Ng5 26. Nc7+ Kd8 (26... Kf8 27. Bxg5 Qxf3 28. Bh6+ $18) 27. Ne6+ fxe6 28. Bb6+
Nxb6 29. Qxd3 exf5 30. Qxf5 Nc4 $13) 23. Nd5 (23. Nxf6+ Nxf6 24. Ne4 $14) 23...
Nxd5 24. Rxd5 Nf6 25. Rc1 (25. Nxf6+ Bxf6 26. Qxh5 $16) 25... Qb7 26. Nxf6+
Bxf6 27. Rcd1 $16 {[%csl Rd6][%cal Rd1d6] Weiß macht spürbar Druck auf der d -
Linie. Die schwarzen Bauern auf d6 und h5 sind sehr schwach. Natürlich kann
Weiß nicht sofort auf d6 nehmen, sonst hängt die Dame wegen der Fesslung auf
der g - Linie.} h4 28. Bf2 $1 {Weiß nimmt den Ph4 ins Visier und räumt die 3.
Reihe für seine Dame.} Kf8 29. Qh3 (29. h3 $5) 29... Rd8 30. Bc5 (30. Bxh4 $2
Rh8 $132) (30. Rxd6 Rxd6 31. Rxd6 Qe4 32. Rd1 Rg4 $132) 30... Rg5 31. Be3 (31.
Bxd6+ Kg8) 31... Rg8 32. Bc5 Rg5 33. Qd3 $1 {Weiß nimmt nicht auf d6., sondern
verbessert zunächst die Stellung seiner Dame. Schwarz kann praktisch nur
abwarten.} Rd7 34. Bf2 (34. Rd2 $16) 34... Rg8 35. h3 {Weiß legt erst einmal
den Ph4 fest - und er muss ja in der Tat nicht eilen, früher oder später kann
er die schwachen schwarzen Bauern immer noch gewinnen.} Qc6 (35... Rc7 36. Qe4
$16) 36. Qe4 {[%csl Rb4,Ge4,Rh4][%cal Re4b4,Rf2h4] Weiß greift gleichzeitig
die Bauern auf h4 und b4 an.} Rc7 37. Qxb4 Be7 38. Bxh4 $18 {[%mdl 1024] Weiß
hat zwei gesunde Mehrbauern - und Schwarz keinerlei Kompensation.} f6 (38...
Bxh4 39. Qxh4 $18) 39. R1d2 {Alles in der weißen Stellung ist verteidigt - der
Gewinn ist nur eine Frage der Zeit.} Qc1+ 40. Kh2 Rc4 41. Qb8+ Kf7 (41... Rc8
42. Qb7 $18) 42. Qb3 {[%cal Rb3g8]} Qf1 43. Rf2 Qc1 44. Rd1 1-0

[Event "HUN-ch"]
[Site "Lillafured"]
[Date "1999.02.03"]
[Round "3"]
[White "Acs, Peter"]
[Black "Sax, Gyula"]
[Result "1/2-1/2"]
[WhiteElo "2521"]
[BlackElo "2524"]
[Annotator "Ribli,Z"]
[PlyCount "83"]
[EventDate "1999.02.01"]
[EventType "tourn"]
[EventRounds "9"]
[EventCountry "HUN"]
[EventCategory "13"]
[SourceTitle "CBM 070"]
[Source "ChessBase"]
[SourceDate "1999.06.08"]
[SourceVersion "1"]
[SourceVersionDate "1999.06.08"]
[SourceQuality "1"]

{[%mdl 4608]} 1. e4 c5 2. Nf3 {Früher spielte der jüngste ungarische GM gerne
die Variante 2.c3. Ribli.} e6 3. d4 cxd4 4. Nxd4 a6 {Eine kleine Überraschung.
GM Sax spielt gewöhnlich die Scheveninger Variante.} 5. Bd3 Bc5 6. Nb3 Ba7 {
Das ist die prinzipielle Fortsetzung, aber letzter Zeit ist auch 6...Be7
populär.} 7. Nc3 (7. O-O Nc6 8. Qg4 {Auf diese Weise kann Weiß den g7-Bauern
gewinnen, denn die beste Antwort ist 8...Nf6, aber in diesem Fall hätte
Schwarz ausgezeichnete Kompensation.}) 7... Nc6 8. Qe2 {Weiß möchte den
gefährlichen schwarzen Läufer tauschen.} d6 9. Be3 Nf6 10. O-O {Weiß vermeiset
es lang zu rochieren, denn Sax hat eine gute Reputation als starke taktischer
Spieler.} (10. f4 b5 11. a4 (11. O-O-O e5 $1 $11) 11... b4 12. Nd1 O-O 13. Nf2
e5 14. f5 d5 15. O-O Bb7 16. Bxa7 Rxa7 {1/2-1/2 Popovic,P-Stangl,M/Brno 1992/
CBM 31 (16)}) (10. O-O-O) 10... b5 (10... O-O 11. Kh1 (11. Bxa7 Rxa7 12. f4 e5
13. f5 b5 14. a4 bxa4 15. Rxa4 Bd7 16. Ra3 {1/2-1/2 Stanec,N-Schlosser,P/
Velden 1993/TD (16)}) 11... b5 12. f4 b4 13. Nd1 e5 14. Bxa7 Rxa7 15. Ne3 a5
16. a3 bxa3 17. Rxa3 exf4 18. Rxf4 Be6 {1/2-1/2 Fogarasi,T-Kreiman,B/Budapest
1998/EXT 99 (52)}) 11. a4 {Das ist ein typischer Versuch, den schwarzen
Damenflügel zu schwächen.} (11. f4 e5 (11... O-O $5) (11... b4 $5) 12. a4 (12.
Bxa7 $5 Rxa7 13. a4 $1 (13. f5 $6 Ne7 $1 $15 14. a4 b4 15. Nd1 O-O 16. a5 d5 $1
17. exd5 Re8 18. Ne3 Nexd5 19. Nxd5 Qxd5 20. Ra4 e4 $1 21. Bc4 Qe5 22. Rxb4
Qxb2 $5 {0-1 Gavrikov,V-Christiansen,L/Biel 1991/Inf 53/[Christiansen,L] (39)})
13... b4 14. Nd5 exf4 15. Rxf4 Nd7 16. Qf2 Nde5 17. Nxb4 Qc7 18. Nxc6 Nxc6 19.
Nd4 Ne5 20. Bb5+ {1-0 Rodriguez,A-Gonzalez,J/Capablanca mem-A 1992/CBM 29 ext 
(40)}) (12. Kh1 Bxe3 13. Qxe3 exf4 14. Qxf4 Ne5 15. a4 b4 16. Nd5 Nxd5 17. exd5
a5 18. Qe4 g6 19. Bb5+ Bd7 20. Bc6 f5 21. Qd4 Bxc6 22. dxc6 O-O 23. Rad1 {
1-0 Zude,A-Herbrechtsmeier,C/Germany 1998/GER-chT (33)}) 12... b4 13. Nd5 O-O
14. f5 Nxd5 15. exd5 Ne7 16. Bxa7 Rxa7 17. Qe4 a5 18. f6 Ng6 19. h4 Qb6+ 20.
Kh1 h5 21. Nd2 Qc5 22. Nc4 Rd8 23. Rae1 Bb7 24. Ne3 Qd4 25. g3 Qxe4+ 26. Bxe4
Bc8 27. Kg2 Rc7 28. Re2 gxf6 {1/2-1/2 Fogarasi,T-Bezold,M/Balatonbereny 1995/
CBM 50 (28)}) (11. Bxa7 Rxa7 12. f4 b4 13. Nd1 e5 $1 $11 {[%csl Ye5]} 14. Ne3
Qb6 15. Kh1 exf4 $1 16. Rxf4 Be6 17. Raf1 {1/2-1/2 Hjartarson,J-Bezold,M/
Bermuda 1997/CBM 58/[Ribli] (25)}) 11... b4 (11... bxa4 12. Rxa4 Bxe3 13. Qxe3
$14 {[%cal Gf1a1] Und der schwarze a-Bauern ist schwach und angreifbar.}) 12.
Nd1 {[%csl Yc4][%cal Gd1e3,Ge3c4]} O-O 13. Bxa7 Rxa7 14. Ne3 {[%cal Ge3c4]} Na5
$6 {Mit diesem Zug tauscht Schwarz den schlechten b3-Springer und findet sich
schließlich in einem Endspiel mit Minusbauern wieder.} (14... Ne5 15. a5 Nxd3
16. Qxd3 Rc7 17. Ra4 Bd7 18. Rxb4 Bb5 19. c4 Bc6 20. f3 {1-0 Stolz,M-Bosbach,G/
Germany 1997/GER-chT (40)}) (14... d5 $5 15. exd5 exd5 $11) 15. Nxa5 Qxa5 16.
Nc4 {[%cal Rc4d6,Rc4a5]} (16. f4 Bb7 $11) 16... Qc5 {[#]} 17. Nxd6 $1 $14 (17.
e5 dxe5 18. Nxe5 Rc7 $11) 17... Qxd6 18. e5 {[%cal Re5f6,Re5d6]} Qd4 (18... Qe7
19. exf6 gxf6 20. Rfe1 $14 (20. Qe4 f5 21. Qf4 $14)) 19. exf6 Qxf6 {[%cal
Gf6b2]} 20. Qe4 {[%cal Re4h7,Re4b4]} g6 21. Qxb4 Rb7 {[%cal Rf6b2,Rb7b2]} 22.
Qc3 (22. Qd6 Rxb2 $11) 22... Qxc3 23. bxc3 {Dieses Endspiel war nach 14...Na5
erzwungen. die Verwertung des weißen Materialvorteils ist wegen der
Doppelbauern nicht so einfach.} a5 $1 {Schwarz befreit sich von der Schwäche
a6.} 24. Rfb1 (24. Bb5 Rc7 25. c4 e5 $14 {[%cal Rc8e6,Re6c4]}) 24... Rc7 $1 (
24... Rxb1+ 25. Rxb1 Bd7 26. Bb5 $16) 25. Rb5 (25. Ra3 Bd7 26. Bb5 Rfc8 $14)
25... Ba6 {Das ist die schwarze Gegenchance. Besonders im Doppelturmendspiel
hat er gute Remischancen.} (25... Rxc3 $2 26. Rxa5 $16 {[%csl Ga4]}) 26. Rxa5
Bxd3 27. cxd3 Rxc3 {[%csl Gc3] Der schwarze Turm steht aktiv auf c3, so daß
Weiß seinen Mehrbauern nciht behaupten kann. Der weiße a-Freibauer ist noch
nicht gefährlich. In diesem Endspiel sollte Schwarz möglichst alle Türme auf
dem Brett behalten.} 28. Rb5 Rxd3 29. a5 {[%csl Ga5]} Ra8 30. h4 (30. a6 $2
Rxa6 $15) 30... Ra6 {Mit nur zwei Türmen auf dem Brett wäre die Stellung für
Schwarz wahrscheinlich verloren. Durch die Anwesenheit der anderen Türme kann
der weiße König nicht zu seinem Freibauern a5 gelangen.} 31. Ra4 (31. Rb6 Rxb6
32. axb6 Rb3 33. Ra8+ Kg7 34. Rb8 h5 $11) 31... Kg7 32. Rb7 {[%cal Gb7f7]} Rd1+
(32... Rd5 33. Rf4 Rf5 34. Rxf5 gxf5 35. Rb5 $14) 33. Kh2 e5 {Schwarz
verteidigt sich gegen 34.Rf4.} 34. Rb5 Kf6 35. Rab4 {Jetzt die weiße Drohung
ist 36.Rb6 und nach 36...Rxb6 37.axb6 steht der Turm ausgezeichnet auf b4.} (
35. Rb6+ Rxb6 36. axb6 Rb1 37. Ra6 Kf5 $11) 35... Ra7 36. Re4 Re7 37. f4 Ra1 $1
{Der e-Bauer ist ohne Bedeutung. Schwarz kann ihn aufgeben.} (37... exf4 $2 38.
Rb6+ Re6 39. Rxf4+ Kg7 40. Rxe6 (40. Rb7 Rf6 41. Rxf6 Kxf6 42. a6 Ra1 43. a7 h5
$11) 40... fxe6 41. Ra4 Rd7 42. a6 Ra7 43. Kg3 Kf6 44. Kf4 $18) 38. fxe5+ (38.
Rexe5 $5 Rxe5 39. Rxe5 Ra4 40. g3 (40. Kg3 Ra3+ 41. Kf2 Ra4 $11) 40... Ra2+ $11
) 38... Kg7 {[%csl Ra5][%cal Re7a7,Ra7a5]} 39. Rd4 Ra7 40. Rdd5 Ra4 {[%csl Ga4]
} 41. g3 (41. Kg3 Rc7 42. Rdc5 (42. Rbc5 Rb7 $11 {[%cal Gb7b3,Gb3g3]}) 42...
Rd7 $11 {[%cal Gd7d3,Gd3g3]}) 41... Ra2+ {[%csl Rh2]} 42. Kh3 {Und hier wurde
die Partie remis gegeben. Der weiße Mehrbauer ist bedeutungslos. Schwarz
behauptet das Gleichgewicht.} (42. Kh3 Rc7 43. Rbc5 Rb7 44. Rb5 $11) (42. Kg1
Rc7 43. Rbc5 Rb7 $11) 1/2-1/2